Principios de operaciones unitarias
Kaydedildi:
| Yazar: | |
|---|---|
| Materyal Türü: | Kitap |
| Dil: | İspanyolca |
| Baskı/Yayın Bilgisi: |
Ciudad de México
Continental
1961
|
| Konular: | |
| Etiketler: |
Etiketle
Etiket eklenmemiş, İlk siz ekleyin!
|
MARC
| LEADER | 00000nam a2200000 a 4500 | ||
|---|---|---|---|
| 001 | UCR4735 | ||
| 003 | CL-VaPUC | ||
| 008 | 980313e19610000MX |||||||||||||||||spa|d | ||
| 082 | 0 | 4 | |a 660.284 |b FOU |2 21 |
| 100 | 0 | |a Foust, Alan Shivers |e author |9 405304 | |
| 245 | 1 | 0 | |a Principios de operaciones unitarias |
| 300 | |a 704 p | ||
| 942 | |c BK | ||
| 945 | |d 19980313 00:00:00 |a crobeson | ||
| 260 | |a Ciudad de México |b Continental |c 1961 | ||
| 650 | 7 | |a INGENIERIA QUIMICA |2 CL-VaPUC |9 8 | |
| 650 | 0 | |a Procesos químicos |9 259436 | |
| 650 | 0 | |a Tecnología química |9 263002 | |
| 583 | |a last modification |c 19980313 00:00:00 |k Rodrigo Vera | ||
| 999 | |c 267628 |d 267626 | ||
| 952 | |0 0 |1 0 |4 0 |6 660_284000000000000_FOU_1961 |7 0 |8 A |9 300078 |a BIBALI |b BIBALI |c RES |d 2019-11-20 |i 1962191 |o 660.284 FOU 1961 |p 1962191 |r 2025-01-20 |w 2019-11-20 |y BK_R |k ALI | ||
| 952 | |0 0 |1 0 |4 0 |6 660_284000000000000_FOU_1961 |7 0 |8 A |9 300079 |a BIBALI |b BIBALI |c RES |d 2019-11-20 |i 1962205 |o 660.284 FOU 1961 |p 1962205 |r 2025-01-20 |w 2019-11-20 |y BK_R |k ALI | ||